Pays commençant par la lettre S - Statistiques

Statistiques générales
  • Ce quiz a été pris 7 075 fois
  • Le résultat moyen est 16 sur 24
Statistiques - réponses
Réponse % Correct
Suède
86%
Slovaquie
83%
Slovénie
83%
Soudan
82%
Suisse
82%
Somalie
77%
Syrie
77%
Suriname
74%
Serbie
73%
Soudan du Sud
70%
Saint-Marin
69%
Sri Lanka
66%
Salvador
65%
Sainte-Lucie
62%
Sénégal
62%
Singapour
57%
Samoa
56%
Seychelles
55%
Sierra Leone
54%
Swaziland
48%
Sao Tomé-et-Principe
47%
Saint-Vincent-et-les-Grenadines
46%
Salomon
46%
Saint-Christophe-et-Niévès
44%
Aucun quiz correspondant
Distribution des résultats
% des personnes avec chaque résultat
Percentile par nombre de réponses
Votre historique - résultats
Vous n’avez pas pris ce quiz